000 00327nam a2200145Ia 4500
008 221030s9999 xx 000 0 und d
041 _aEnglish
082 _a105.23
100 _aRajnesh Kumar/1
245 0 _aDesigne of 400 KV Transmission Line
250 _a1999
260 _aJammu
_c1999
650 _aEE
942 _cTH
999 _c5878
_d5878